[Event "13sen.WMH 2003 Senioren"]
[Site "Bad Zwischenahn(17.11.-29.11.2003)"]
[Date "2003.11.29"]
[Round "6"]
[White "Fritsch, Juergen,Dr."]
[Black "Sattler, Franz"]
[Result "1/2-1/2"]
[WhiteElo "1851"]
[BlackElo "1884"]
[PlyCount "128"]


1. e4 c5 2. Nf3 e6 3. c3 d5 4. e5 Nc6 5. Bb5 Bd7 6. Qe2 Qb6 7. Bxc6 Bxc6 8. d3
Ne7 9. O-O Ng6 10. h4 Be7 11. h5 Nf8 12. b3 f6 13. d4 cxd4 14. Nxd4 fxe5 15.
Nxc6 Qxc6 16. Qxe5 Bf6 17. Qe2 Nd7 18. Bb2 O-O 19. Na3 a6 20. Nc2 Rfe8 21. Nd4
Qb6 22. Rad1 Rac8 23. Rd3 Nc5 24. Rh3 e5 25. Nf5 Ne6 26. Bc1 Ng5 27. Bxg5 Bxg5
28. Rg3 Bf6 29. Qg4 Rc7 30. c4 d4 31. Qe4 Qc6 32. Re1 Qxe4 33. Rxe4 Rd8 34. Rd3
b5 35. cxb5 axb5 36. Kf1 b4 37. f4 exf4 38. Rxf4 Rc1+ 39. Kf2 Rc2+ 40. Kf3 Rxa2
41. Nxd4 Rb2 42. Ke4 Rxd4+ 43. Rxd4 Bxd4 44. Kxd4 Rxb3 45. g4 Rg3 46. Ke5 b3
47. Rb4 h6 48. Kf4 Rc3 49. Rb7 Kf8 50. Ke4 Rc4+ 51. Kf5 Rc3 52. Kf4 Ke8 53. Kf5
Kd8 54. Kg6 Kc8 55. Rb4 Rc6+ 56. Kxg7 Rc7+ 57. Kxh6 Rb7 58. Rxb3 Rxb3 59. g5
Kd8 60. g6 Ke7 61. Kh7 Rg3 62. h6 Kf6 63. g7 Kf7 64. g8=Q+ Rxg8 1/2-1/2

[Event "13sen.WMH 2003 Senioren"]
[Site "Bad Zwischenahn(17.11.-29.11.2003)"]
[Date "2003.11.29"]
[Round "6"]
[White "Gensch, Manfred"]
[Black "Voelkel, Gustav"]
[Result "1/2-1/2"]
[WhiteElo "1761"]
[BlackElo "1572"]
[PlyCount "36"]


1. e4 c6 2. d4 d6 3. Nc3 Nd7 4. f4 e6 5. Nf3 Be7 6. Bd3 Nh6 7. O-O f5 8. Qe2
O-O 9. Re1 Re8 10. exf5 exf5 11. Bd2 Nf6 12. Ng5 Bf8 13. Qf3 Rxe1+ 14. Rxe1 d5
15. h3 Ne4 16. Bxe4 dxe4 17. Qe3 Nf7 18. Nxf7 Kxf7 1/2-1/2

[Event "13sen.WMH 2003 Senioren"]
[Site "Bad Zwischenahn(17.11.-29.11.2003)"]
[Date "2003.11.29"]
[Round "6"]
[White "Giering, Gregor"]
[Black "Rueggeberg, Wilhelm"]
[Result "1/2-1/2"]
[WhiteElo "1752"]
[BlackElo "1777"]
[PlyCount "131"]


1. b3 e5 2. Bb2 Nc6 3. e4 Nf6 4. d3 Bc5 5. Be2 d5 6. Nd2 O-O 7. Ngf3 Qe7 8. O-O
Bg4 9. exd5 Nxd5 10. Ne4 Nf4 11. Nxc5 Qxc5 12. h3 Bh5 13. Kh2 Rad8 14. Ng1 Nxe2
15. Nxe2 Nd4 16. f3 Qxc2 17. Bxd4 Qxd1 18. Raxd1 exd4 19. Rc1 Rd7 20. Rc4 Rfd8
21. Nf4 Bg6 22. Nxg6 hxg6 23. Re1 Kf8 24. Kg3 c6 25. h4 Re7 26. Re4 Rxe4 27.
fxe4 Ke7 28. Kg4 Rd6 29. a4 Ke6 30. Kf4 f6 31. g4 a5 32. b4 b5 33. Rc5 axb4 34.
axb5 Kd7 35. bxc6+ Rxc6 36. Rd5+ Kc7 37. Rxd4 b3 38. Rb4 Rb6 39. Rc4+ Kd6 40.
Rc1 b2 41. Rb1 Kc5 42. Ke3 Rb3 43. Kd2 Kd4 44. Kc2 Rb6 45. g5 Rb5 46. Kd2 f5
47. exf5 gxf5 48. h5 f4 49. h6 Rxg5 50. h7 Rg2+ 51. Ke1 Rh2 52. Rxb2 Rxh7 53.
Rb4+ Kxd3 54. Rxf4 Ke3 55. Rf1 g5 56. Rg1 g4 57. Rg3+ Kf4 58. Rb3 Rh2 59. Kf1
Rc2 60. Ra3 g3 61. Ra7 Rf2+ 62. Kg1 Re2 63. Rf7+ Kg5 64. Rg7+ Kh4 65. Rh7+ Kg4
66. Rg7+ 1/2-1/2

[Event "13sen.WMH 2003 Senioren"]
[Site "Bad Zwischenahn(17.11.-29.11.2003)"]
[Date "2003.11.29"]
[Round "6"]
[White "Glaser, Heinz-Alfred"]
[Black "Knab, Horst"]
[Result "1-0"]
[WhiteElo "1683"]
[BlackElo "1541"]
[PlyCount "115"]


1. e4 g6 2. d4 Bg7 3. Bc4 e6 4. Nc3 Ne7 5. Nge2 d6 6. O-O O-O 7. Bg5 h6 8. Be3
Nd7 9. Qd2 Kh7 10. Rad1 Nf6 11. h3 Nxe4 12. Nxe4 d5 13. Bd3 dxe4 14. Bxe4 f5
15. Bf3 Nd5 16. Nf4 Nxe3 17. Qxe3 Qf6 18. c3 c6 19. Nd3 g5 20. Ne5 f4 21. Be4+
Kg8 22. Qf3 Rd8 23. Qh5 Bd7 24. Ng4 Qf8 25. Qg6 Qe7 26. Nxh6+ Kf8 27. Qh7 Qf6
28. Ng4 Qf7 29. Ne5 Bxe5 30. Qxf7+ Kxf7 31. dxe5 Ke7 32. Rd2 Be8 33. Rfd1 Rxd2
34. Rxd2 Bh5 35. c4 a5 36. c5 a4 37. Kf1 Ra5 38. Rc2 Rb5 39. Ke1 Rb4 40. f3 Rd4
41. Ke2 Be8 42. Rc3 Rb4 43. b3 Bd7 44. Kd3 axb3 45. Rxb3 Rxb3+ 46. axb3 Kd8 47.
Ke2 Kc7 48. b4 b6 49. Kf2 bxc5 50. bxc5 Kb7 51. Bd3 Ka7 52. g3 Bc8 53. gxf4
gxf4 54. h4 Bd7 55. h5 Be8 56. h6 Bg6 57. Bxg6 Ka6 58. h7 1-0

[Event "13sen.WMH 2003 Senioren"]
[Site "Bad Zwischenahn(17.11.-29.11.2003)"]
[Date "2003.11.29"]
[Round "6"]
[White "Glende, Siegfried"]
[Black "Nietsch, Horst"]
[Result "0-1"]
[WhiteElo "1763"]
[BlackElo "1987"]
[PlyCount "102"]


1. e4 Nf6 2. d3 e5 3. Nf3 Nc6 4. g3 Bc5 5. Bg2 d6 6. O-O Bg4 7. h3 Be6 8. c4
O-O 9. Nc3 Nd4 10. Nxd4 Bxd4 11. Ne2 Bb6 12. Kh2 Nd7 13. f4 f6 14. f5 Bf7 15.
Nc3 c6 16. a4 a5 17. Rb1 Bc5 18. b3 Rb8 19. Qe2 Bd4 20. Bb2 Nc5 21. Qc2 Qd7 22.
Nd1 Bxb2 23. Rxb2 b5 24. axb5 cxb5 25. Ne3 Rfc8 26. Ra1 a4 27. b4 Nb3 28. Rxb3
axb3 29. Qxb3 Ra8 30. Rxa8 Rxa8 31. Qc3 Qa7 32. Nc2 bxc4 33. dxc4 h6 34. c5 Rc8
35. Qa3 Qxa3 36. Nxa3 dxc5 37. bxc5 Rxc5 38. h4 Be8 39. Kh3 h5 40. Nb1 Rc1 41.
Nd2 g6 42. fxg6 Bd7+ 43. Kh2 Rc2 44. Nf1 Kg7 45. Ne3 Re2 46. Nd5 Kxg6 47. Ne7+
Kf7 48. Nd5 Bc6 49. Nc3 Rc2 50. Nd1 Bxe4 51. Ne3 Re2 0-1

[Event "13sen.WMH 2003 Senioren"]
[Site "Bad Zwischenahn(17.11.-29.11.2003)"]
[Date "2003.11.29"]
[Round "6"]
[White "Gohlke, Karl-Heinz"]
[Black "Rickers, Gerd"]
[Result "1/2-1/2"]
[WhiteElo "1880"]
[BlackElo "1957"]
[PlyCount "36"]


1. e4 e5 2. Nf3 Nc6 3. Nc3 Nf6 4. d4 exd4 5. Nd5 Nxd5 6. exd5 Bb4+ 7. Bd2 Qe7+
8. Qe2 Bxd2+ 9. Kxd2 Qxe2+ 10. Bxe2 Ne7 11. Bc4 b5 12. Bb3 O-O 13. Rae1 Nf5 14.
g4 Nd6 15. Re7 Re8 16. Rxe8+ Nxe8 17. Re1 Nd6 18. Nxd4 Kf8 1/2-1/2

[Event "13sen.WMH 2003 Senioren"]
[Site "Bad Zwischenahn(17.11.-29.11.2003)"]
[Date "2003.11.29"]
[Round "6"]
[White "Grasmik, Waldemar"]
[Black "Jakobsen, Henning"]
[Result "0-1"]
[WhiteElo "1506"]
[BlackElo "1634"]
[PlyCount "127"]


1. d4 f5 2. e4 fxe4 3. Nc3 Nf6 4. f3 exf3 5. Nxf3 e6 6. Bd3 g6 7. Bg5 Bg7 8. h4
O-O 9. Qd2 d6 10. O-O-O Nc6 11. a3 Qe8 12. Ne2 Ng4 13. Rdf1 Ne7 14. Bxe7 Qxe7
15. h5 Bh6 16. Qxh6 Nxh6 17. hxg6 Qg7 18. Rh3 e5 19. Rg3 Ng4 20. gxh7+ Kh8 21.
Rh1 Be6 22. Kb1 Rf6 23. dxe5 Rh6 24. Nh4 Qxe5 25. Ng6+ Rxg6 26. Bxg6 Qxe2 27.
Bd3 Qe5 28. Rf3 Nf6 29. Rhf1 Rf8 30. g3 Qg5 31. b4 Qg7 32. Rf4 Nd7 33. Re1 Rxf4
34. gxf4 Nf8 35. f5 Bd7 36. Rh1 Qf6 37. Rg1 Kxh7 38. Rh1+ Kg7 39. Re1 Nh7 40.
Bc4 Kf8 41. Rh1 Ng5 42. Rf1 c6 43. Rg1 Bxf5 44. Rf1 Ne4 45. Ka2 Nd2 46. Rxf5
Qxf5 47. Bd3 Qe5 48. a4 c5 49. bxc5 dxc5 50. Bb5 Qc3 51. Bd3 Qb4 52. a5 Qxa5+
53. Kb2 Qb4+ 54. Kc1 c4 55. Bf5 c3 56. Kd1 Qf4 57. Bd3 Nc4 58. Ke2 Qe3+ 59. Kf1
Ne5 60. Bh7 Kg7 61. Bd3 Nxd3 62. cxd3 c2 63. Kg2 c1=Q 64. d4 0-1

[Event "13sen.WMH 2003 Senioren"]
[Site "Bad Zwischenahn(17.11.-29.11.2003)"]
[Date "2003.11.29"]
[Round "6"]
[White "Gudat, Alfons"]
[Black "Wittmann, Georg"]
[Result "1-0"]
[WhiteElo "1986"]
[BlackElo "1820"]
[PlyCount "67"]


1. e4 c6 2. d4 d5 3. e5 Bf5 4. Nf3 e6 5. Be2 Nd7 6. O-O Ne7 7. b3 Qc7 8. c4 c5
9. Nc3 cxd4 10. Nb5 Qb8 11. Nd6+ Kd8 12. Nxf7+ Ke8 13. Nxh8 Nxe5 14. Nxd4 g6
15. g4 Nxg4 16. Bxg4 Bg7 17. Bxf5 gxf5 18. Re1 Bxh8 19. Rxe6 Kd7 20. Ba3 Qg8+
21. Kh1 Re8 22. Rxe7+ Rxe7 23. Bxe7 Kxe7 24. Qe2+ Kd7 25. Rg1 Qf7 26. Nf3 Qf6
27. Re1 d4 28. Qe8+ Kd6 29. c5+ Kxc5 30. Qe7+ Qxe7 31. Rxe7 Kd6 32. Rxh7 Bf6
33. Rh6 Ke7 34. Rxf6 1-0

[Event "13sen.WMH 2003 Senioren"]
[Site "Bad Zwischenahn(17.11.-29.11.2003)"]
[Date "2003.11.29"]
[Round "6"]
[White "Haupt, Joachim"]
[Black "Erdmann, Wolfgang"]
[Result "1-0"]
[WhiteElo "1755"]
[BlackElo "1538"]
[PlyCount "107"]


1. c4 Nf6 2. Nf3 e6 3. Nc3 Be7 4. d4 O-O 5. e3 c6 6. Bd3 d5 7. c5 Nbd7 8. O-O
Qc7 9. Qc2 h6 10. b4 b5 11. a4 a6 12. axb5 cxb5 13. Nxb5 Qc6 14. Nc3 Bb7 15. b5
axb5 16. Bxb5 Qc7 17. Bd2 Bc6 18. Bd3 e5 19. Be2 e4 20. Nh4 Nh7 21. Nf5 Ndf6
22. f3 Ng5 23. f4 Ngh7 24. Bb5 Bxb5 25. Nxb5 Qd7 26. Nxe7+ Qxe7 27. Ba5 Ng4 28.
Qe2 Ngf6 29. Bc7 Rfc8 30. Bd6 Qd7 31. Rxa8 Rxa8 32. Bc7 Rc8 33. Bb6 Ne8 34. Ra1
Nhf6 35. Na7 Ra8 36. c6 Qe7 37. Bc5 Qc7 38. Qa6 Qb8 39. Qb7 Nc7 40. Rb1 Qd8 41.
Bb6 Nfe8 42. Nb5 Rb8 43. Qa7 Qc8 44. Nc3 Ra8 45. Qb7 Rb8 46. Bxc7 Qxb7 47. Rxb7
Ra8 48. Rb8 Ra1+ 49. Kf2 f6 50. Rxe8+ Kf7 51. Rb8 Ke6 52. Bb6 Rc1 53. c7 Rc2+
54. Ke1 1-0

[Event "13sen.WMH 2003 Senioren"]
[Site "Bad Zwischenahn(17.11.-29.11.2003)"]
[Date "2003.11.29"]
[Round "6"]
[White "Heimberg, Guenter"]
[Black "Eidelmann, Vova"]
[Result "0-1"]
[WhiteElo "1667"]
[BlackElo "1930"]
[PlyCount "96"]


1. c4 g6 2. Nc3 Bg7 3. d4 c5 4. d5 d6 5. Bd2 Nf6 6. f3 Bd7 7. e3 Na6 8. Nge2
Nc7 9. Ng3 b5 10. e4 a6 11. Bd3 Rb8 12. Rb1 O-O 13. O-O Qe8 14. b3 h5 15. Re1
h4 16. Nf1 Nh5 17. Qc1 Bd4+ 18. Kh1 f6 19. Be3 Be5 20. Ne2 g5 21. Qd2 Qg6 22.
f4 gxf4 23. Nxf4 Nxf4 24. Bxf4 Rf7 25. Qf2 Rg7 26. Bxe5 fxe5 27. Ne3 Rf8 28.
Qg1 Rf4 29. Rb2 h3 30. g3 Rxe4 31. Nf1 Bf5 32. Be2 Bg4 33. Ne3 Bxe2 34. Rbxe2
Rf7 35. g4 Ref4 36. Nf1 Rxg4 37. Ng3 bxc4 38. bxc4 Rxc4 39. Rb2 Nxd5 40. Rf2
Rcf4 41. Rxf4 Rxf4 42. Rd1 Rd4 43. Rb1 Kh7 44. Qf1 Nf4 45. Re1 Qe6 46. Ra1 Qd5+
47. Kg1 Rd2 48. Qb1+ Nd3 0-1

[Event "13sen.WMH 2003 Senioren"]
[Site "Bad Zwischenahn(17.11.-29.11.2003)"]
[Date "2003.11.29"]
[Round "6"]
[White "Hesselbarth, Karlheinz"]
[Black "Mueller, Helmut[30Lüneb]"]
[Result "1/2-1/2"]
[WhiteElo "1720"]
[BlackElo "1694"]
[PlyCount "74"]


1. d4 d5 2. Nf3 Nf6 3. e3 e6 4. Bd3 Nbd7 5. O-O c5 6. c3 Bd6 7. Nbd2 O-O 8. Re1
cxd4 9. exd4 Re8 10. Ne5 Nf8 11. Ndf3 h6 12. Bd2 Bd7 13. b4 a6 14. a4 Bc6 15.
Qe2 Qc7 16. Nxc6 Qxc6 17. Ne5 Qc7 18. b5 a5 19. f4 N6d7 20. Ra2 f6 21. Ng6 Nxg6
22. Bxg6 Re7 23. Qf3 f5 24. g4 fxg4 25. Qxg4 Nf8 26. Bd3 Rae8 27. Rf1 Rf7 28.
Raa1 Rf6 29. Rae1 Re7 30. Re2 Ref7 31. Ref2 b6 32. h4 Kh8 33. h5 Qe7 34. Re2
Qc7 35. Ref2 Qd8 36. Rg2 Qc7 37. Rgf2 Qb8 1/2-1/2

[Event "13sen.WMH 2003 Senioren"]
[Site "Bad Zwischenahn(17.11.-29.11.2003)"]
[Date "2003.11.29"]
[Round "6"]
[White "Hohler, Peter"]
[Black "Limberg, Siegfried"]
[Result "1-0"]
[WhiteElo "2168"]
[BlackElo "2035"]
[PlyCount "135"]


1. c4 f5 2. Nc3 Nf6 3. g3 g6 4. Bg2 Bg7 5. d3 d6 6. e4 c6 7. Nge2 O-O 8. O-O
Na6 9. h3 Kh8 10. Be3 Nc7 11. Qd2 Be6 12. b3 Qc8 13. Kh2 Bd7 14. Rac1 Rf7 15.
f4 Ng8 16. d4 e5 17. dxe5 dxe5 18. fxe5 Qe8 19. Rcd1 Bxe5 20. Bd4 Bg7 21. Rde1
Qf8 22. Bxg7+ Qxg7 23. c5 Raf8 24. exf5 Bxf5 25. Qd4 Qxd4 26. Nxd4 Bc8 27. b4
Kg7 28. Kg1 Rxf1+ 29. Rxf1 Rxf1+ 30. Kxf1 Kf6 31. Ke2 Ke7 32. Ne4 Ne8 33. a3 h6
34. Kd3 Ngf6 35. Nxf6 Nxf6 36. b5 cxb5 37. Nxb5 a6 38. Nd6 Kd7 39. Nxb7 Nh5 40.
Nd6 Nxg3 41. Nf7 Nh5 42. Ke3 g5 43. Bf3 Nf6 44. Nxh6 Kc7 45. Ng4 Ng8 46. Kd4
Ne7 47. Be4 Bd7 48. Ke5 Nc6+ 49. Kf6 Nd4 50. Kxg5 Ne6+ 51. Kf6 Nxc5 52. Bf5 Be8
53. Ke7 Bh5 54. Nf6 Bd1 55. h4 Kb6 56. Ng4 Nb3 57. h5 Nd4 58. Kf6 Ka5 59. h6
Nxf5 60. Kxf5 Bc2+ 61. Kf6 Ka4 62. Ne5 Bh7 63. Kg7 Bf5 64. Ng6 Bxg6 65. Kxg6
Kxa3 66. h7 a5 67. h8=Q a4 68. Qa1+ 1-0

[Event "13sen.WMH 2003 Senioren"]
[Site "Bad Zwischenahn(17.11.-29.11.2003)"]
[Date "2003.11.29"]
[Round "6"]
[White "Jakoby, Hans"]
[Black "Thielemann, Joachim"]
[Result "0-1"]
[WhiteElo "1785"]
[BlackElo "1838"]
[PlyCount "54"]


1. d4 Nf6 2. c4 e5 3. dxe5 Ng4 4. Bf4 Bb4+ 5. Nc3 Nc6 6. Nf3 Qe7 7. Qd5 Bxc3+
8. bxc3 Qa3 9. Rc1 h5 10. c5 Ne7 11. Qc4 Ng6 12. Bd2 O-O 13. Rc2 N4xe5 14. Nxe5
Nxe5 15. Qb4 Qa6 16. Qe4 Ng4 17. e3 Qf6 18. f3 d5 19. Qxd5 Rd8 20. Qxh5 Bf5 21.
e4 Bxe4 22. Rb2 Bxf3 23. Be2 Bxe2 24. Kxe2 Qf2+ 25. Kd1 Ne3+ 26. Kc1 Nc4 27.
Qf3 Qxf3 0-1

[Event "13sen.WMH 2003 Senioren"]
[Site "Bad Zwischenahn(17.11.-29.11.2003)"]
[Date "2003.11.29"]
[Round "6"]
[White "Jessen, Ernst"]
[Black "Krause, Armin"]
[Result "1/2-1/2"]
[WhiteElo "1570"]
[BlackElo "1309"]
[PlyCount "84"]


1. e4 e5 2. Nf3 d6 3. Bc4 h6 4. h3 Nf6 5. d3 c6 6. c3 b5 7. Bb3 Be7 8. O-O O-O
9. Bc2 Nbd7 10. Re1 Bb7 11. Nbd2 a5 12. a3 a4 13. c4 Qb6 14. Nf1 Nh5 15. Nxe5
Nxe5 16. Qxh5 Bf6 17. cxb5 cxb5 18. Ne3 Qc5 19. Bd2 Nxd3 20. Qxc5 Nxc5 21. Nd1
Rac8 22. Bc3 Be5 23. Bxe5 dxe5 24. Nc3 Bc6 25. Rad1 Rc7 26. Rd2 g6 27. Bd1 Kg7
28. f3 Rd7 29. Rxd7 Nxd7 30. Be2 Rb8 31. Rd1 b4 32. axb4 Rxb4 33. Rd2 Nc5 34.
Bd1 Rc4 35. Be2 Rb4 36. Rc2 Nb3 37. Na2 Rb6 38. Bd1 Nd4 39. Rd2 Rb7 40. Nc3 Ra7
41. Nb1 Rb7 42. Na3 Rb4 1/2-1/2

[Event "13sen.WMH 2003 Senioren"]
[Site "Bad Zwischenahn(17.11.-29.11.2003)"]
[Date "2003.11.29"]
[Round "6"]
[White "Juergens, Peter"]
[Black "Michaelis, Ernst"]
[Result "1-0"]
[WhiteElo "1835"]
[BlackElo "1820"]
[PlyCount "60"]


1. d4 f5 2. Bg5 h6 3. Bh4 g5 4. e3 Nf6 5. Bg3 Bg7 6. Bd3 d6 7. h4 g4 8. c3 Nh5
9. Qc2 Nxg3 10. fxg3 O-O 11. Ne2 e5 12. Qb3+ Kh8 13. Nd2 c6 14. O-O-O e4 15.
Bc2 d5 16. Nf4 Kh7 17. c4 Rf7 18. cxd5 cxd5 19. Qxd5 Qe7 20. Bb3 Rf8 21. Ne6
Bxe6 22. Qxe6 Qc7+ 23. Kb1 Qxg3 24. Rhf1 Nc6 25. Nc4 Rae8 26. Qd6 Qxh4 27. Qf4
Qg5 28. Nd6 Qxf4 29. Rxf4 Na5 30. Nxe8 Nxb3 1-0

[Event "13sen.WMH 2003 Senioren"]
[Site "Bad Zwischenahn(17.11.-29.11.2003)"]
[Date "2003.11.29"]
[Round "6"]
[White "Kaiser, Hans[35BGladb]"]
[Black "Merettig, Georg"]
[Result "0-1"]
[WhiteElo "1583"]
[BlackElo "1816"]
[PlyCount "42"]


1. e4 c5 2. Nf3 g6 3. d4 Bg7 4. dxc5 Na6 5. c3 Nxc5 6. Nbd2 b6 7. Qc2 Bb7 8.
Bc4 Nf6 9. e5 Ng4 10. b4 Na6 11. O-O Nxe5 12. Nxe5 Bxe5 13. Re1 Bg7 14. Ne4 O-O
15. Bb2 Rc8 16. Qd3 Nxb4 17. cxb4 Bxb2 18. Rad1 Bg7 19. Bb5 d5 20. Qe2 e5 21.
g3 Qe7 0-1

[Event "13sen.WMH 2003 Senioren"]
[Site "Bad Zwischenahn(17.11.-29.11.2003)"]
[Date "2003.11.29"]
[Round "6"]
[White "Kaner, Klim"]
[Black "Oelert, Ralf"]
[Result "0-1"]
[WhiteElo "1911"]
[BlackElo "1944"]
[PlyCount "104"]


1. g3 Nf6 2. Bg2 d5 3. d4 Bf5 4. c3 e6 5. Bg5 h6 6. Bf4 Nbd7 7. Nd2 Nb6 8. h3
Bd6 9. Be3 c6 10. g4 Bh7 11. g5 hxg5 12. Bxg5 Qc7 13. a4 Bf4 14. Bxf6 gxf6 15.
e3 Bxe3 16. Ngf3 Rg8 17. Nf1 Bf4 18. Rg1 Ke7 19. b3 Rg7 20. Bh1 Rag8 21. Rxg7
Rxg7 22. Qe2 Bf5 23. Ne3 Bxh3 24. O-O-O Nc8 25. Kb2 Nd6 26. Ng1 Bf5 27. Nxf5+
Nxf5 28. Nh3 Bd6 29. Bf3 Kd7 30. c4 Nxd4 31. Qe3 Qb6 32. cxd5 cxd5 33. Rxd4 Be5
34. Kc3 Rg8 35. Bd1 Kd6 36. Kd3 Bxd4 37. Qxd4 Qxd4+ 38. Kxd4 Rh8 39. Bg4 Rh4
40. f3 f5 41. Ng1 fxg4 42. f4 Rh3 43. b4 f6 44. Nxh3 gxh3 45. a5 h2 46. f5 e5+
47. Kc3 h1=Q 48. Kb3 d4 49. Ka4 Qb1 50. Kb5 Qc2 51. a6 Qc6+ 52. Ka5 b6# 0-1

[Event "13sen.WMH 2003 Senioren"]
[Site "Bad Zwischenahn(17.11.-29.11.2003)"]
[Date "2003.11.29"]
[Round "6"]
[White "Karasev, Vladimir"]
[Black "Krueger, Erich"]
[Result "0-1"]
[WhiteElo "2409"]
[BlackElo "2140"]
[PlyCount "148"]


1. g3 e5 2. Bg2 d5 3. d3 Nf6 4. Nf3 Nc6 5. O-O Bc5 6. Nxe5 Nxe5 7. d4 Bd6 8.
dxe5 Bxe5 9. c4 c6 10. cxd5 Nxd5 11. e4 Nb4 12. Qb3 a5 13. Rd1 Qe7 14. Nc3 Be6
15. Qa4 O-O 16. Rd2 b5 17. Qd1 Rfd8 18. a3 Na6 19. Qc2 a4 20. Rxd8+ Rxd8 21.
Be3 Bb3 22. Qe2 Nc5 23. f4 Bc4 24. Qf3 Bd4 25. Bxd4 Rxd4 26. e5 Nb3 27. Re1 Na5
28. f5 Rd2 29. f6 Qc5+ 30. Kh1 Qf2 31. Qxf2 Rxf2 32. Rd1 gxf6 33. Ne4 Rxb2 34.
Rd8+ Kg7 35. exf6+ Kh6 36. h4 Bd5 37. Re8 Nc4 38. g4 Rxg2 39. Kxg2 Nd6 40. Re5
Bxe4+ 41. Kg3 Kg6 42. g5 Bd5 43. Kf4 h5 44. gxh6 Kxh6 45. Re7 Kg6 46. Rd7 Nc4
47. Rd8 Kxf6 48. Rh8 Nd6 49. h5 Nf5 50. Rb8 Be6 51. Rb6 Ne7 52. Ra6 Nd5+ 53.
Ke4 c5 54. Rc6 Nc3+ 55. Kd3 Nb1 56. Rxc5 Nxa3 57. Kc3 Bc4 58. h6 Kg6 59. Rh5
Kh7 60. Rh1 Bb3 61. Rh5 Nc4 62. Kb4 Nd6 63. Rh2 Bc4 64. Rh5 Ne4 65. Rh3 Nf6 66.
Rf3 Ng8 67. Kc5 Nxh6 68. Kd4 f5 69. Ke5 Kg6 70. Rc3 Nf7+ 71. Kf4 Kf6 72. Rh3 b4
73. Rh5 Be6 74. Rh2 a3 0-1

[Event "13sen.WMH 2003 Senioren"]
[Site "Bad Zwischenahn(17.11.-29.11.2003)"]
[Date "2003.11.29"]
[Round "6"]
[White "Klein, Leo"]
[Black "Helmsen, Franz"]
[Result "1-0"]
[WhiteElo "1956"]
[BlackElo "1958"]
[PlyCount "75"]


1. d4 Nf6 2. Bf4 b6 3. Nd2 Bb7 4. Ngf3 d6 5. c3 Nbd7 6. Qc2 g6 7. e4 Bg7 8. Bc4
O-O 9. O-O Nh5 10. Bg5 Qe8 11. d5 Nhf6 12. Nd4 Ne5 13. Bb5 Ned7 14. f4 a6 15.
Bc6 Bxc6 16. Nxc6 Nb8 17. Nd4 c5 18. N4f3 h6 19. Bxf6 Bxf6 20. e5 Bg7 21. Rae1
Qd8 22. c4 b5 23. b3 Qc7 24. Qe4 Nd7 25. e6 f5 26. Qd3 Nb6 27. Nh4 Bd4+ 28. Kh1
Kg7 29. g4 Rf6 30. gxf5 g5 31. fxg5 hxg5 32. Nhf3 bxc4 33. bxc4 Rh8 34. Nxg5
Rh4 35. Qg3 Rhh6 36. Nge4+ Kf8 37. Nxf6 Bxf6 38. Rg1 1-0

[Event "13sen.WMH 2003 Senioren"]
[Site "Bad Zwischenahn(17.11.-29.11.2003)"]
[Date "2003.11.29"]
[Round "6"]
[White "Krawinkel, Hans-Werner"]
[Black "Frauenfelder, Rudolf"]
[Result "1-0"]
[WhiteElo "1756"]
[BlackElo "1926"]
[PlyCount "155"]


1. c4 c5 2. Nc3 g6 3. g3 Bg7 4. Bg2 Nc6 5. d3 d6 6. Bd2 e5 7. Qc1 Nge7 8. Nf3
O-O 9. O-O Rb8 10. Bh6 f6 11. Bxg7 Kxg7 12. h3 Be6 13. Nd2 b6 14. b3 d5 15.
cxd5 Nxd5 16. Nxd5 Bxd5 17. Qb2 Qd7 18. Rad1 Be6 19. h4 Rbd8 20. Kh2 Nd4 21.
Nf3 Nc6 22. Kg1 h6 23. Ne1 Qd6 24. f4 exf4 25. gxf4 Qd4+ 26. Qxd4 Nxd4 27. e4
Rd7 28. Rf2 Rfd8 29. Rb1 a5 30. Bf1 Bg4 31. Rbb2 h5 32. Kh2 Ra7 33. Kg3 Bd7 34.
Rg2 Kh6 35. Kh2 Bg4 36. Kg3 Rad7 37. Rgf2 Rg7 38. Bh3 Bd7 39. Bxd7 Rgxd7 40.
Rg2 Rg7 41. Rbf2 Ra8 42. Rb2 Rd7 43. Kh2 Nc6 44. Rg3 Nb4 45. a3 Nc6 46. Rbg2
Rg8 47. Kh3 Nd4 48. Rb2 Ne6 49. Rf2 Nd4 50. Rb2 b5 51. Kh2 Rdg7 52. Kh3 Ra8 53.
Kh2 a4 54. b4 cxb4 55. Rxb4 Ne2 56. Rf3 Nc3 57. Rf2 Rc8 58. e5 fxe5 59. fxe5
Re7 60. d4 Rd8 61. Nd3 Nd5 62. Rbb2 Kg7 63. Nb4 Ne3 64. Rf3 Ng4+ 65. Kg3 Rc8
66. Nd5 Rb7 67. e6 Nh6 68. Ne3 Rf8 69. d5 Rxf3+ 70. Kxf3 Kf6 71. Ke4 Ng8 72.
Rf2+ Kg7 73. d6 b4 74. d7 Rb8 75. Rf7+ Kh8 76. e7 bxa3 77. d8=Q Rb4+ 78. Kf3
1-0

[Event "13sen.WMH 2003 Senioren"]
[Site "Bad Zwischenahn(17.11.-29.11.2003)"]
[Date "2003.11.29"]
[Round "6"]
[White "Kristiansen, Erling"]
[Black "Bomert, Egon"]
[Result "1-0"]
[WhiteElo "2211"]
[BlackElo "1942"]
[PlyCount "65"]


1. e4 e6 2. d4 d5 3. e5 c5 4. Nf3 a6 5. Bd3 c4 6. Bf1 b5 7. g3 Nc6 8. Bg2 f6 9.
exf6 Nxf6 10. O-O Bd6 11. Re1 O-O 12. Nbd2 Qb6 13. c3 Ra7 14. Bh3 Re7 15. Re2
Qb8 16. Qe1 e5 17. Bxc8 Qxc8 18. Nxe5 Bxe5 19. dxe5 Nxe5 20. Rxe5 Rxe5 21. Qxe5
Re8 22. Qd4 Qf5 23. Kg2 Re2 24. h3 Qc2 25. b3 h6 26. bxc4 dxc4 27. a4 Kh7 28.
axb5 axb5 29. Ra7 Kg6 30. Nf3 Qxc1 31. Nh4+ Kh5 32. Rxg7 Ne4 33. Qe5+ 1-0

[Event "13sen.WMH 2003 Senioren"]
[Site "Bad Zwischenahn(17.11.-29.11.2003)"]
[Date "2003.11.29"]
[Round "6"]
[White "Loesche, Heinz"]
[Black "Filzmaier, Bruno"]
[Result "1/2-1/2"]
[WhiteElo "1784"]
[BlackElo "1784"]
[PlyCount "46"]


1. c4 e6 2. g3 d5 3. d4 Nf6 4. Bg2 c6 5. cxd5 exd5 6. Nf3 Qa5+ 7. Bd2 Bb4 8. a3
Bxd2+ 9. Qxd2 Qxd2+ 10. Nbxd2 Bf5 11. Rc1 h6 12. O-O O-O 13. Rfe1 Re8 14. Ne5
Nbd7 15. Nxd7 Bxd7 16. Rc3 Bf5 17. e3 Ne4 18. Nxe4 Bxe4 19. f3 Bf5 20. Kf2 Re7
21. h4 Rd8 22. b4 a6 23. Rc5 Rd6 1/2-1/2

[Event "13sen.WMH 2003 Senioren"]
[Site "Bad Zwischenahn(17.11.-29.11.2003)"]
[Date "2003.11.29"]
[Round "6"]
[White "Luecke, Volkmar"]
[Black "Poschmann, Hans"]
[Result "1-0"]
[WhiteElo "1878"]
[BlackElo "1533"]
[PlyCount "89"]


1. Nf3 d5 2. c4 Nf6 3. cxd5 Qxd5 4. Nc3 Qa5 5. e3 e5 6. d4 exd4 7. Nxd4 Bb4 8.
Bd2 O-O 9. a3 Bd6 10. Ncb5 Qb6 11. Be2 Bd7 12. Rc1 c5 13. Nxd6 Qxd6 14. Nf3 Bc6
15. O-O Nbd7 16. Bc3 Qxd1 17. Rfxd1 Rfe8 18. Bxf6 gxf6 19. b4 cxb4 20. axb4 Ne5
21. Nd4 Rec8 22. Nf5 Kf8 23. f4 Ng6 24. b5 Be8 25. Rxc8 Rxc8 26. Nd6 Rc7 27.
Nxe8 Kxe8 28. Kf2 Ke7 29. g3 h6 30. Rd5 Kf8 31. Rd2 b6 32. h4 Ne7 33. Rd6 Kg7
34. Kf3 f5 35. Bd3 f6 36. Bb1 h5 37. Ba2 Kg6 38. Bb1 Kg7 39. Rd8 Rb7 40. Bd3
Rc7 41. Be2 Ng6 42. Rd6 Rf7 43. Bd3 Ne7 44. Rd7 Kg6 45. Rxa7 1-0

[Event "13sen.WMH 2003 Senioren"]
[Site "Bad Zwischenahn(17.11.-29.11.2003)"]
[Date "2003.11.29"]
[Round "6"]
[White "Lundberg, Gunnar"]
[Black "Gerhardt, Peter-Michael"]
[Result "1/2-1/2"]
[WhiteElo "1874"]
[BlackElo "2016"]
[PlyCount "102"]


1. e4 g6 2. d4 Bg7 3. Nc3 d6 4. Nf3 e6 5. Be3 b6 6. Qd2 Nd7 7. O-O-O Bb7 8. h3
Ne7 9. Bh6 Bxh6 10. Qxh6 Ng8 11. Qe3 Qe7 12. g4 O-O-O 13. Bg2 e5 14. dxe5 Nxe5
15. Nxe5 Qxe5 16. Nd5 Ne7 17. Nxe7+ Qxe7 18. f3 f5 19. Rhe1 fxe4 20. fxe4 Qe5
21. Qd4 Qxd4 22. Rxd4 Rhf8 23. Rd2 Rde8 24. Rde2 Re5 25. b3 b5 26. Re3 b4 27.
Bf1 d5 28. Bd3 Rfe8 29. Kd2 dxe4 30. Bc4 Rf8 31. Rf1 Ree8 32. Ke2 Rxf1 33. Kxf1
g5 34. Ke2 Kd8 35. c3 c5 36. cxb4 cxb4 37. Rg3 Ke7 38. Ke3 Rd8 39. Rg1 Rf8 40.
Be2 Rc8 41. Bc4 Rf8 42. Be2 Ke6 43. Rc1 Bd5 44. Rc7 Rf7 45. Rc5 Rb7 46. Kd4 Rd7
47. Ke3 Kd6 48. Kd4 Ke6 49. Ke3 h6 50. Bb5 Rd6 51. Bc4 a6 1/2-1/2

[Event "13sen.WMH 2003 Senioren"]
[Site "Bad Zwischenahn(17.11.-29.11.2003)"]
[Date "2003.11.29"]
[Round "6"]
[White "Lundgren, Bernt"]
[Black "Schwichtenberg, Juergen"]
[Result "1/2-1/2"]
[WhiteElo "2066"]
[BlackElo "1671"]
[PlyCount "82"]


1. d4 Nf6 2. Nf3 d5 3. c4 c6 4. Qc2 Bg4 5. Nbd2 Nbd7 6. e3 a6 7. Bd3 Bxf3 8.
Nxf3 e6 9. O-O Be7 10. Bd2 O-O 11. Ne5 Rc8 12. b4 Re8 13. f4 g6 14. c5 Nf8 15.
Rf3 Nh5 16. g4 Ng7 17. Rh3 f5 18. gxf5 exf5 19. Kh1 Bf6 20. Rg1 Qe7 21. Be1 Rc7
22. a4 Ra8 23. Bc3 Rcc8 24. Qb3 Qe6 25. Rhg3 Bxe5 26. dxe5 Qf7 27. R3g2 Nge6
28. Qc2 Ng7 29. Bd4 Rd8 30. b5 axb5 31. axb5 Ra7 32. Rb1 Rda8 33. bxc6 bxc6 34.
Rgg1 Nd7 35. Rb2 Qe6 36. Rgb1 Qe8 37. Rg1 Nf8 38. Rb3 Nfe6 39. Rgb1 Qc8 40. Qc3
Nxd4 41. Qxd4 Ne6 1/2-1/2